000 00996nam a22002777a 4500
001 3751
005 20240429140741.0
020 _a0590405306
040 _aDLC
_cDLC
_dDLC
_beng
050 0 0 _aPZ7.S68524
082 0 0 _a813.54
100 1 _aSobol, Donald J.,
_d1924-2012.
245 1 0 _aEncyclopedia Brown carries on /
_cby Donald J. Sobol ; illustrated by Ib Ohlsson
250 _aThis edition published by Scholastic Inc
260 _aNew York :
_bScholastic ,
_c1982
300 _a72 pages :
_billustrations ;
_c20 cm .
490 _a Encyclopedia Brown
505 _aN
520 _aOnce again America's 10-year-old Sherlock Holmes in sneakers is called upon to help his police-chief father and the neighborhood children solve 10 mysteries.
521 _a570
_bLexile
521 _aN
_bRaz-Plus
650 1 _aMystery and detective stories
_vjuvenile fiction
700 1 _aOhlsson, Ib
_d1935-
906 _a7
_bcbc
_corignew
_d1
_eocip
_f19
_gy-gencatlg
942 _2ddc
_cBK
_n0
999 _c3751
_d3751